Представление документа в формате MARC21

Поле Инд. ПП Название Значение
Тип записи a
Библиографический уровень m
001 Контрольный номер 497c47af-68f4-42ec-a5d1-d9919d0b8c87
005 Дата корректировки 20140227032408.1
008 Кодируемые данные 040928
040 a Служба первич. каталог. НБ ТвГУ
041 a Код языка текста rus
084 a Индекс другой классификации/Индекс ББК Б1(2Рос5)
a Индекс другой классификации/Индекс ББК Д9(2Рос54,7)
090 x Авторский знак Э40
a Полочн. индекс Б1(2РОС5)
245 10 a Заглавие Экологические и гидрогеологические проблемы природопользования в Байкальском регионе
b Продолж. заглавия [сб. ст.]
c Ответственность АН СССР, Сиб. отд-ние, Бурят. науч. центр, Геол. ин-т ; [отв. ред. И. Н. Резанов]
260 0_ a Место издания Улан-Удэ
b Издательство Бурятский научный центр АН СССР
c Дата издания 1990
300 a Объем 165 с.
b Иллюстрации/ тип воспроизводства ил., табл.
504 a Библиография Библиогр. в конце ст.
650 a Основная рубрика Природопользование
x Основная подрубрика Экология
x Основная подрубрика Гидрогеология
z Географическая подрубрика Байкальский регион
653 a Ключевые слова Природопользование
a Ключевые слова Экология природопользования
a Ключевые слова Гидрогеология природопользования
a Ключевые слова Байкальский регион
700 1_ a Другие авторы Резанов Иридий Николаевич
e Роль лиц отв. ред.
852 t Порядковый номер экземпляра 1
q Физ. особенности экз. к
p Инвентарный номер 628266
863 t 00032253
954 a Дата поступления на обработку 20051219
999 a Подразделение 2 Фил3